Traduction francais - anglais, mots de 3 lettres - Statistiques

Statistiques générales
  • Ce quiz a été pris 166 fois
  • Le résultat moyen est 20 sur 26
Statistiques - réponses
Mot français Traduction anglaise % Correct
Dix Ten
100%
Chien Dog
96%
Hommes Men
96%
Elle She
95%
Voiture Car
94%
Manger (to) Eat
94%
Courir (to) Run
94%
Pourquoi Why
93%
Stylo Pen
92%
Voir (to) See
92%
Thé Tea
92%
Dieu God
91%
Mourir (to) Die
90%
Mer Sea
89%
Abeille Bee
88%
Huile Oil
83%
Fin End
81%
Amusant Fun
80%
Cravate Tie
67%
Fourmi Ant
64%
Gars Guy
64%
Sec Dry
58%
Point Dot
43%
Cendre Ash
38%
Brouillard Fog
38%
Pot Jar
15%
Aucun quiz correspondant
Distribution des résultats
% des personnes avec chaque résultat
Percentile par nombre de réponses
Votre historique - résultats
Vous n’avez pas pris ce quiz